The use of simulators for training in-flight and emergency procedures /

Bibliographic Details
Main Author: Eddowes, Edward E.
Corporate Author: North Atlantic Treaty Organization. Advisory Group for Aerospace Research and Development. Aerospace Medical Panel
Other Authors: Waag, Wayne L.
Format: Microform Book
Language:English
Published: Neilly sur Seine, France : North Atlantic Treaty Organization, Advisory Group for Aerospace Research and Development, 1980.
Series:AGARDograph ; no. 248.
Subjects:

MARC

Tag First Indicator Second Indicator Subfields
LEADER 00000cam a2200000 a 4500
001 in00000084165
005 20151008055707.0
007 he bm----b---
008 801203r19801980fr a bb i00010 eng d
020 |a 9283513630 
035 |a (OCoLC)06995083 
035 |9 AAJ4135AM 
040 |a IRU  |c IRU  |d TXA  |d UtOrBLW 
049 |a TXAI 
090 |a TL500.N6  |a Ag15 no.248 
099 |a fiche  |a S  |a 144  |a no. 248 
100 1 |a Eddowes, Edward E. 
245 1 4 |a The use of simulators for training in-flight and emergency procedures /  |c by Edward E. Eddowes and Wayne L. Waag. 
264 1 |a Neilly sur Seine, France :  |b North Atlantic Treaty Organization, Advisory Group for Aerospace Research and Development,  |c 1980. 
300 |a iv, 33 pages :  |b illustrations 
336 |a text  |b txt  |2 rdacontent 
337 |a microform  |b h  |2 rdamedia 
338 |a microfiche  |b he  |2 rdacarrier 
490 1 |a AGARDograph ;  |v no. 248 
500 |a "Prepared at the request of the Aerospace Medical Panel of AGARD." 
504 |a Bibliography: pages 29-32. 
533 |a Microfiche.  |b Neilly sur Seine, France :  |c AGARD, North Atlantic Treaty Organization,  |d 1980.  |e 1 microfiche : negative, ill. ; 11 x 15 cm. 
500 |a Microform. 
650 0 |a Flight simulators. 
650 0 |a Flight training. 
700 1 |a Waag, Wayne L. 
710 2 |a North Atlantic Treaty Organization.  |b Advisory Group for Aerospace Research and Development.  |b Aerospace Medical Panel. 
830 0 |a AGARDograph ;  |v no. 248. 
999 |a MARS 
999 f f |s b6c7af7b-c70e-37a7-a4c2-133931d9b2d8  |i 68a4d0f6-7f17-38fc-bd43-76b1ebdd275d  |t 0 
952 f f |p normal  |a Texas A&M University  |b College Station  |c Sterling C. Evans Library  |d Evans: Microforms (3rd floor)  |t 0  |e fiche S 144 no.248  |h Other scheme  |i microform -- microfiche  |m A14832928914 
998 f f |a fiche S 144 no.248  |t 0  |l Evans: Microforms (3rd floor)